000 003070000a22001210004500
090 _aAS
_bSeriadas
245 1 0 _aBegoniaceae of Colombia
041 0 _aInglés
700 1 _aSchubert, Bernice G.
_999405
100 1 _aSmith, Lyman B.
_917956
942 _cARTICULO
773 1 _tCaldasia
_345
_h18
_q179-209
_d1946
_g4
999 _c14915
_d14915